Multimedia ontology : (Record no. 23129)
[ view plain ]
| 000 -LEADER | |
|---|---|
| fixed length control field | 01031cam a22003015a 4500 |
| 001 - CONTROL NUMBER | |
| control field | 18796300 |
| 005 - DATE AND TIME OF LATEST TRANSACTION | |
| control field | 20161115104120.0 |
| 008 - FIXED-LENGTH DATA ELEMENTS--GENERAL INFORMATION | |
| fixed length control field | 150926t2016 flua frb 001 0 eng d |
| 020 ## - INTERNATIONAL STANDARD BOOK NUMBER | |
| International Standard Book Number | 9781482236347 |
| 040 ## - CATALOGING SOURCE | |
| Original cataloging agency | CPV |
| Language of cataloging | eng |
| Transcribing agency | CPV |
| Modifying agency | YDXCP |
| -- | OCLCO |
| -- | TEU |
| -- | DLC |
| -- | EG-ScBUE |
| 082 04 - DEWEY DECIMAL CLASSIFICATION NUMBER | |
| Classification number | 006.7 |
| Edition number | 22 |
| Item number | CHA |
| 100 1# - MAIN ENTRY--PERSONAL NAME | |
| Personal name | Chaudhury, Santanu. |
| 245 10 - TITLE STATEMENT | |
| Title | Multimedia ontology : |
| Remainder of title | representation and applications / |
| Statement of responsibility, etc | Santanu Chaudhury, Anupama Mallik, Hiranmay Ghosh. |
| 260 ## - PUBLICATION, DISTRIBUTION, ETC. (IMPRINT) | |
| Place of publication, distribution, etc | Boca Raton : |
| Name of publisher, distributor, etc | CRC Press / Taylor & Francis Group, |
| Date of publication, distribution, etc | c.2016. |
| 300 ## - PHYSICAL DESCRIPTION | |
| Extent | xxvii, 275 p. : |
| Other physical details | ill. ; |
| Dimensions | 24 cm. |
| 500 ## - GENERAL NOTE | |
| General note | "A Chapman & Hall Book" |
| 500 ## - GENERAL NOTE | |
| General note | Index : p. 261-275. |
| 504 ## - BIBLIOGRAPHY, ETC. NOTE | |
| Bibliography, etc | Bibliography : p. 237-259. |
| 650 #7 - SUBJECT ADDED ENTRY--TOPICAL TERM | |
| Topical term or geographic name as entry element | Multimedia systems. |
| Source of heading or term | BUEsh |
| 9 (RLIN) | 14476 |
| 650 #7 - SUBJECT ADDED ENTRY--TOPICAL TERM | |
| Topical term or geographic name as entry element | Semantic Web. |
| Source of heading or term | BUEsh |
| 9 (RLIN) | 40950 |
| 650 #7 - SUBJECT ADDED ENTRY--TOPICAL TERM | |
| Topical term or geographic name as entry element | Metadata. |
| Source of heading or term | BUEsh |
| 650 #7 - SUBJECT ADDED ENTRY--TOPICAL TERM | |
| Topical term or geographic name as entry element | Information storage and retrieval systems. |
| Source of heading or term | BUEsh |
| 9 (RLIN) | 34108 |
| 651 ## - SUBJECT ADDED ENTRY--GEOGRAPHIC NAME | |
| Source of heading or term | BUEsh |
| 653 ## - INDEX TERM--UNCONTROLLED | |
| Resource For college | Informatics and Computer Science |
| Arrived date list | November2016 |
| 700 1# - ADDED ENTRY--PERSONAL NAME | |
| Personal name | Mallik, Anupama. |
| 700 1# - ADDED ENTRY--PERSONAL NAME | |
| Personal name | Ghosh, Hiranmay. |
| 942 ## - ADDED ENTRY ELEMENTS (KOHA) | |
| Source of classification or shelving scheme | Dewey Decimal Classification |
| Withdrawn status | Item status | Source of classification or shelving scheme | Damaged status | Not for loan | Vendor | Home library | Current library | Shelving location | Date acquired | Source of acquisition | Cost, normal purchase price | Serial Enumeration / chronology | Total Checkouts | Full call number | Barcode | Date last seen | Cost, replacement price | Koha item type |
|---|---|---|---|---|---|---|---|---|---|---|---|---|---|---|---|---|---|---|
| Dewey Decimal Classification | Baccah | Central Library | Central Library | Lower Floor | 15/11/2016 | Purchase | 870.00 | 25137 | 006.7 CHA | 000034777 | 15/07/2025 | 1087.50 | Book - Borrowing |